00521nam a2200121Ia 4500008004100000100001900041245013700060245003700197260000900234300002300243440003800266650009500304171207s9999 xx 000 0 und d aAdshead, Maura aHaving it all? Transferring community-oriented research principles to teaching and learning to develop better university engagement  cMaura Adshead & Bernie Quillinan c2017 apages 35-55, 2017 aEducational Action Researchv25:1 aUniversity engagement, community-oriented research, community-based learning, UL Practicum